000 01243nam a2200325 c 4500
999 _c380801
_d380801
003 BLK
005 20240723182758.0
008 180413b bul|||||r ||||||| ||bul||
020 _a9786197350210
040 _aBLK
041 _aBUL
_cBUL
080 _aРуска литература
_b821.161.1
_x-93-3
_z821.161.1-93-3
100 1 _aМанделщам, Осип
_eпърви автор
_9263923
139 _aМанделщам, Осип
_bМ 24
245 1 0 _aДвата трамвая
_cОсип Манделщам; прев. от рус. Ася Кръстева; ил. Свобода Цекова
257 _aBGR
260 _bЛист
_c2018
_9216827
_aСофия
_n978-619-7350-
300 _a44 с.
_c22 см
_bс цв. ил.
380 _aDX
490 _9209350
_aПоредица Детски шедьоври от велики писатели
500 _aПодходяща за: 3-10 години.
700 _aКръстева, Ася
_eпрев. от рус.
_9425628
700 _aЦекова, Свобода
_eил.
_9425629
852 _bД
856 4 _qpdf
_u
856 4 _qpdf
_u
942 _cKNG
_n0
_s1
_04
944 _aCR
_c2020-08-10
_k30531
_lЦветелина Шанова
999 _d380801